La política financiera y la actividad económica / (Registro nro. 12776)

Detalles MARC
000 -LEADER
fixed length control field 01238nam a2200253Ia 4500
003 - CONTROL NUMBER IDENTIFIER
control field OSt
005 - DATE AND TIME OF LATEST TRANSACTION
control field 20211122095650.0
008 - FIXED-LENGTH DATA ELEMENTS--GENERAL INFORMATION
fixed length control field 210310s1955 sp ad gr 000 0 spa d
040 ## - CATALOGING SOURCE
Original cataloging agency CO-JMCR
Transcribing agency CO-JMCR
041 1# - LANGUAGE CODE
Language code of text/sound track or separate title spa
Language code of original eng
082 04 - DEWEY DECIMAL CLASSIFICATION NUMBER
Classification number 336 /
Item number P549p
Edition number 23
100 1# - MAIN ENTRY--PERSONAL NAME
Personal name Kjeld, Philip
Relator term autor
9 (RLIN) 29190
245 13 - TITLE STATEMENT
Title La política financiera y la actividad económica /
Statement of responsibility, etc. Kjeld Philip ; traducción directa del danés por Arne Koefoed
250 ## - EDITION STATEMENT
Edition statement Segunda edición
260 ## - PUBLICATION, DISTRIBUTION, ETC.
Place of publication, distribution, etc. Madrid :
Name of publisher, distributor, etc. Aguilar,
Date of publication, distribution, etc. 1955.
300 ## - PHYSICAL DESCRIPTION
Extent xxxi, 423 páginas :
Other physical details ilustraciones y graficas ;
Dimensions 21 cm.
501 ## - WITH NOTE
With note Con : notas a pie de página.
505 0# - FORMATTED CONTENTS NOTE
Formatted contents note Los efectos de los ingresos del estado. -- La relación reciproca entre los ingresos y los gastos del estado. -- Consideraciones generales sobre la política financiera como medio para influir en la actividad económica. -- Análisis de los diversos tipos de impuestos como medios para influir sobre la actividad económica. -- La política financiera y la localización de la actividad económica.
650 14 - SUBJECT ADDED ENTRY--TOPICAL TERM
Topical term or geographic name entry element Política financiera
9 (RLIN) 5996
650 24 - SUBJECT ADDED ENTRY--TOPICAL TERM
Topical term or geographic name entry element Ingresos del estado
9 (RLIN) 41627
650 24 - SUBJECT ADDED ENTRY--TOPICAL TERM
Topical term or geographic name entry element Actividad económica
9 (RLIN) 4644
700 ## - ADDED ENTRY--PERSONAL NAME
Personal name Koefoed, Arne
Relator term traductor
9 (RLIN) 39542
942 ## - ADDED ENTRY ELEMENTS (KOHA)
Source of classification or shelving scheme Dewey Decimal Classification
Koha item type Books
Existencias
Withdrawn status Lost status Source of classification or shelving scheme Damaged status Not for loan Home library Current library Shelving location Date acquired Source of acquisition Full call number Barcode Date last seen Copy number Price effective from Koha item type
    Dewey Decimal Classification     Biblioteca Pública José María del Castillo y Rada Biblioteca Pública José María del Castillo y Rada General Stacks 04/15/2018 Donación 336 / P549p 430003499 05/16/2024 Ej.1 03/10/2021 Books